Diccionario de educación infantil.

Zapisane w:
Opis bibliograficzny
1. autor: Jourbel, Henri (autor)
Kolejni autorzy: Bertrand, Paul (autor) (autor)
Format: Książka
Język:hiszpański
Hasła przedmiotowe:
Etykiety: Dodaj etykietę
Nie ma etykietki, Dołącz pierwszą etykiete!

MARC

LEADER 00000cam^a2200000uu^4500
001 000489395
005 20250521000000.0
008 032310s1968^^^^^^^^^^^^rc^r^^000^0^spa^d
009 20260310125329.895
035 |a FCE 000032587 
035 |a FCE 021232 
037 |a Acervo ITESO - Biblioteca 
041 |a spa 
082 0 4 |a 372.9083  |b JOUd 
100 |a Jourbel, Henri  |e (autor) 
245 1 0 |a Diccionario de educación infantil. 
264 |a Buenos Aires :  |b Víctor Leru,  |c 1968. 
300 |a 221 p. 
336 |a texto  |b txt  |2 rdacontenido 
337 |a sin mediación  |b n  |2 rdamedio 
338 |a volumen  |b nc  |2 rdasoporte 
596 |a Traducción de : dictionnarie d'education familiale 
649 |a XX 
650 |a Educación del niño 
650 |a Diccionario 
650 |a Educación infantil 
650 |a Léxico 
700 |a Bertrand, Paul  |e (autor) 
910 |a Fondo Centro de Estudios Educativos 
920 |a Impresos - Libros 
930 |a Fondos Especiales 
905 |a 133 
901 |a ALE021232  |b IT2  |c CEE  |u 20250521 
902 |a https://opac.biblio.iteso.mx/vufind/Record/000489395